[Event "Mittelfranken Landesliga Nord 2223"]
[Site "Mittelfranken"]
[Date "2023.03.19"]
[Round "8.3"]
[White "Kraft, Volker"]
[Black "Speckner, Roland"]
[Result "1/2-1/2"]
[WhiteElo "2327"]
[BlackElo "2306"]
[PlyCount "22"]
[EventDate "2022.10.09"]
[EventType "team-tourn"]
[EventRounds "9"]
[EventCountry "GER"]
[SourceTitle "EXT 2024"]
[Source "ChessBase"]
[SourceDate "2023.10.10"]
[SourceVersion "1"]
[SourceVersionDate "2023.10.10"]
[SourceQuality "1"]
[WhiteTeam "Nuernberg Sued SW"]
[BlackTeam "Kareth Lappersdorf"]
[WhiteTeamCountry "GER"]
[BlackTeamCountry "GER"]

1. e4 c6 2. d4 d5 3. e5 Bf5 4. Nc3 a6 5. Bd3 Bxd3 6. Qxd3 e6 7. Nf3 Ne7 8. 0-0 Nd7 9. Ne2 c5 10. c3 Ng6 11. Bg5 Be7 1/2-1/2

[Event "Oberliga Bayern 1819"]
[Site "Bayern"]
[Date "2018.12.16"]
[Round "4.3"]
[White "Kilgus, Georg"]
[Black "Speckner, Roland"]
[Result "1-0"]
[WhiteElo "2411"]
[BlackElo "2352"]
[PlyCount "70"]
[EventDate "2018.10.21"]
[EventType "team-tourn"]
[EventRounds "9"]
[EventCountry "GER"]
[SourceTitle "EXT 2020"]
[Source "ChessBase"]
[SourceDate "2019.10.17"]
[SourceVersion "1"]
[SourceVersionDate "2019.10.17"]
[SourceQuality "1"]
[WhiteTeam "Regensburg Bavaria"]
[BlackTeam "Kareth Lappersdorf"]
[WhiteTeamCountry "GER"]
[BlackTeamCountry "GER"]

1. Nf3 Nf6 2. g3 g6 3. Bg2 Bg7 4. d4 0-0 5. 0-0 d6 6. b3 c5 7. c4 e5 8. dxe5 dxe5 9. Bb2 e4 10. Qxd8 Rxd8 11. Nfd2 Bf5 12. g4 Bxg4 13. Nxe4 Nxe4 14. Bxg7 Kxg7 15. Bxe4 Nc6 16. Bxc6 bxc6 17. f3 Bh3 18. Re1 Rd4 19. Nc3 Re8 20. Ne4 Re5 21. e3 Rdxe4 22. fxe4 Rg5+ 23. Kf2 Rg2+ 24. Kf3 g5 25. e5 Kg6 26. e4 g4+ 27. Ke3 Rxh2 28. Re2 Rxe2+ 29. Kxe2 h5 30. Ke3 Kg5 31. Rd1 Bg2 32. Rd7 g3 33. Rxf7 Bh3 34. Rg7+ Kh4 35. Kf3 Bg4+ 1-0

[Event "Landesliga Nord 1718"]
[Site "Bayern"]
[Date "2018.01.21"]
[Round "5.2"]
[White "Speckner, Roland"]
[Black "Goldbeck, Lars"]
[Result "1-0"]
[WhiteElo "2330"]
[BlackElo "2139"]
[PlyCount "75"]
[EventDate "2017.10.22"]
[EventType "team-tourn"]
[EventRounds "9"]
[EventCountry "GER"]
[SourceTitle "EXT 2022"]
[Source "ChessBase"]
[SourceDate "2021.10.06"]
[SourceVersion "1"]
[SourceVersionDate "2021.10.06"]
[SourceQuality "1"]
[WhiteTeam "Kareth Lappersdorf"]
[BlackTeam "Regensburg Bavaria"]
[WhiteTeamCountry "GER"]
[BlackTeamCountry "GER"]

1. d4 Nf6 2. Nf3 g6 3. Bg5 Bg7 4. Nbd2 c5 5. Bxf6 Bxf6 6. Ne4 Bxd4 7. Nxd4 cxd4 8. Qxd4 0-0 9. c4 Qa5+ 10. Nc3 Nc6 11. Qd2 d6 12. b3 Bd7 13. g3 Rac8 14. Bg2 Rfe8 15. Rc1 Qe5 16. 0-0 Qh5 17. Nd5 b6 18. Rc3 Ne5 19. Nf4 Qh6 20. h4 Bc6 21. Rd1 Bxg2 22. Kxg2 Qg7 23. Nd5 h6 24. Re3 Kf8 25. Re4 h5 26. a4 Nd7 27. Rxe7 Nc5 28. Rxe8+ Rxe8 29. Nc7 Rd8 30. Qf4 Kg8 31. Rxd6 Rxd6 32. Qxd6 Qb2 33. Qd8+ Kh7 34. Qe7 Qc2 35. Qxf7+ Kh8 36. Ne8 Qe4+ 37. Kg1 Qe5 38. Nf6 1-0

[Event "Oberliga Bayern 1617"]
[Site "Bayern"]
[Date "2016.11.20"]
[Round "2.2"]
[White "Speckner, Roland"]
[Black "Alvir, Aco"]
[Result "1/2-1/2"]
[WhiteElo "2318"]
[BlackElo "2392"]
[PlyCount "48"]
[EventDate "2016.10.16"]
[EventType "team-tourn"]
[EventRounds "9"]
[EventCountry "GER"]
[SourceTitle "EXT 2019"]
[Source "ChessBase"]
[SourceDate "2018.10.10"]
[SourceVersion "1"]
[SourceVersionDate "2018.10.10"]
[SourceQuality "1"]
[WhiteTeam "Kareth Lappersdorf"]
[BlackTeam "Muenchen 36"]
[WhiteTeamCountry "GER"]
[BlackTeamCountry "GER"]

1. Nf3 Nf6 2. g3 g6 3. Bg2 Bg7 4. 0-0 0-0 5. d3 c5 6. e4 Nc6 7. Qe2 d6 8. h3 Rb8 9. Re1 e5 10. a4 a6 11. Bg5 h6 12. Be3 b6 13. c4 Re8 14. Qd2 Kh7 15. Nc3 Re7 16. Reb1 Reb7 17. Ne1 Bd7 18. Kh2 Qe8 19. Nc2 a5 20. Nb5 Qe7 21. Rf1 Ne8 22. Rae1 Nc7 23. Nxc7 Rxc7 24. Na3 Nd4 1/2-1/2

[Event "Oberliga Bayern 1516"]
[Site "Bayern"]
[Date "2016.02.21"]
[Round "7.2"]
[White "Kostic, Vladimir G"]
[Black "Speckner, Roland"]
[Result "1/2-1/2"]
[WhiteElo "2351"]
[BlackElo "2318"]
[PlyCount "98"]
[EventDate "2015.10.11"]
[EventType "team-tourn"]
[EventRounds "9"]
[EventCountry "GER"]
[SourceTitle "EXT 2018"]
[Source "ChessBase"]
[SourceDate "2017.10.13"]
[SourceVersion "1"]
[SourceVersionDate "2017.10.13"]
[SourceQuality "1"]
[WhiteTeam "Muenchen Suedost"]
[BlackTeam "Kareth Lappersdorf"]
[WhiteTeamCountry "GER"]
[BlackTeamCountry "GER"]

1. d4 Nf6 2. Bg5 e6 3. e4 h6 4. Bxf6 Qxf6 5. Nc3 d6 6. Qd2 Nd7 7. 0-0-0 a6 8. f4 g5 9. g3 Qg7 10. Nf3 g4 11. Nh4 Nb6 12. a4 Be7 13. Ng2 Bd7 14. a5 Nc8 15. Ne3 Na7 16. Be2 h5 17. Kb1 Nb5 18. e5 Nxc3+ 19. Qxc3 0-0-0 20. Rhf1 d5 21. Qb3 Bc6 22. c4 dxc4 23. Bxc4 Qh7+ 24. f5 Bg5 25. d5 exd5 26. Nxd5 Rhe8 27. Rde1 Bd7 28. Qc2 Bc6 29. Qb3 Bd7 30. Bd3 Bc6 31. Nb4 Bf3 32. f6 Rxd3 33. Qxd3 Qxd3+ 34. Nxd3 Bd2 35. Rxf3 gxf3 36. Rf1 Bxa5 37. Rxf3 c5 38. Rf5 Bc7 39. b3 b5 40. Rxh5 c4 41. bxc4 bxc4 42. Nb2 Rxe5 43. Rxe5 Bxe5 44. Nxc4 Bxf6 45. Nd6+ Kd7 46. Nxf7 Ke6 47. Nh6 Bg7 48. Ng4 Kf5 49. Nf2 Bd4 1/2-1/2

[Event "Oberliga Bayern 1516"]
[Site "Bayern"]
[Date "2016.01.17"]
[Round "5.2"]
[White "Speckner, Roland"]
[Black "Taggatz, Mario"]
[Result "1/2-1/2"]
[WhiteElo "2318"]
[BlackElo "2193"]
[PlyCount "77"]
[EventDate "2015.10.11"]
[EventType "team-tourn"]
[EventRounds "9"]
[EventCountry "GER"]
[SourceTitle "EXT 2018"]
[Source "ChessBase"]
[SourceDate "2017.10.13"]
[SourceVersion "1"]
[SourceVersionDate "2017.10.13"]
[SourceQuality "1"]
[WhiteTeam "Kareth Lappersdorf"]
[BlackTeam "Groebenzell"]
[WhiteTeamCountry "GER"]
[BlackTeamCountry "GER"]

1. f4 d5 2. Nf3 g6 3. e3 Bg7 4. Be2 Nf6 5. 0-0 0-0 6. d3 c5 7. a4 Nc6 8. Qe1 b6 9. Qh4 e6 10. g4 Bb7 11. Qg3 a6 12. Nbd2 Qc7 13. c3 b5 14. g5 Nd7 15. d4 b4 16. Ne5 Ne7 17. Ndf3 Nf5 18. Qe1 bxc3 19. bxc3 cxd4 20. cxd4 Nxe5 21. Nxe5 Bxe5 22. fxe5 Rfc8 23. Bd2 Qe7 24. Kh1 a5 25. Rc1 Qa3 26. Bb5 Rxc1 27. Qxc1 Qe7 28. Rg1 Rc8 29. Qb2 h6 30. Bxa5 Nxe3 31. Bb4 Qd8 32. Qf2 Nf5 33. gxh6 Bc6 34. Bd3 Bxa4 35. Bxf5 exf5 36. Qxf5 Rc1 37. Qf4 Rxg1+ 38. Kxg1 Qd7 39. Be1 1/2-1/2

[Event "Oberliga Bayern 1516"]
[Site "Bayern"]
[Date "2015.10.25"]
[Round "2.2"]
[White "Giessmann, Stephan"]
[Black "Speckner, Roland"]
[Result "0-1"]
[WhiteElo "2209"]
[BlackElo "2318"]
[PlyCount "90"]
[EventDate "2015.10.11"]
[EventType "team-tourn"]
[EventRounds "9"]
[EventCountry "GER"]
[SourceTitle "EXT 2018"]
[Source "ChessBase"]
[SourceDate "2017.10.13"]
[SourceVersion "1"]
[SourceVersionDate "2017.10.13"]
[SourceQuality "1"]
[WhiteTeam "Kelheim"]
[BlackTeam "Kareth Lappersdorf"]
[WhiteTeamCountry "GER"]
[BlackTeamCountry "GER"]

1. d4 e6 2. Bf4 f5 3. Nf3 Nf6 4. e3 g6 5. c4 d6 6. h3 Bg7 7. Nc3 Qe7 8. Be2 0-0 9. g4 Nc6 10. gxf5 e5 11. Bg5 Bxf5 12. d5 e4 13. dxc6 exf3 14. Bxf3 bxc6 15. Bxc6 Rab8 16. Qe2 h6 17. Nd5 Qd8 18. Nxf6+ Bxf6 19. Bxf6 Qxf6 20. 0-0-0 Kh7 21. Rd2 Qc3+ 22. Kd1 Qa5 23. b3 Rxb3 24. Rb2 Rd3+ 25. Rd2 Rb8 26. Bb5 Qxa2 27. Rxd3 Qb1+ 28. Kd2 Qxh1 29. Ra3 Rb7 30. e4 Qxe4 31. Qxe4 Bxe4 32. Re3 Bg2 33. Re7+ Kh8 34. Kc3 c5 35. Re6 Kg7 36. Rxd6 Rf7 37. h4 Rf3+ 38. Rd3 Rxd3+ 39. Kxd3 Kf6 40. Ke3 a5 41. f4 Bh3 42. Ke4 Be6 43. Kd3 Kf5 44. Be8 Kxf4 45. Bxg6 Bf5+ 0-1

[Event "Oberliga Bayern 1415"]
[Site "Germany"]
[Date "2014.11.09"]
[Round "2.2"]
[White "Schnelzer, Reinhold"]
[Black "Speckner, Roland"]
[Result "1/2-1/2"]
[WhiteElo "2250"]
[BlackElo "2335"]
[PlyCount "33"]
[EventDate "2014.10.19"]
[EventType "team-tourn"]
[EventRounds "9"]
[EventCountry "GER"]
[SourceTitle "EXT 2016"]
[Source "ChessBase"]
[SourceDate "2015.10.08"]
[SourceVersion "1"]
[SourceVersionDate "2015.10.08"]
[SourceQuality "1"]
[WhiteTeam "Kriegshaber"]
[BlackTeam "Kareth Lappersdorf"]
[WhiteTeamCountry "GER"]
[BlackTeamCountry "GER"]

1. Nf3 c5 2. c4 g6 3. e3 Bg7 4. Nc3 Bxc3 5. bxc3 f5 6. d3 Qa5 7. Bd2 Nf6 8. Qc2 Nc6 9. d4 d6 10. Bd3 e5 11. e4 f4 12. g3 Bg4 13. Be2 cxd4 14. cxd4 Qa3 15. Bc1 Qa5+ 16. Bd2 Qa3 17. Bc1 1/2-1/2

[Event "Oberliga Bayern 1314"]
[Site "Bayern"]
[Date "2014.04.06"]
[Round "9.2"]
[White "Schneider, Stefan"]
[Black "Speckner, Roland"]
[Result "1/2-1/2"]
[WhiteElo "2327"]
[BlackElo "2341"]
[PlyCount "37"]
[EventDate "2013.10.13"]
[EventType "team-tourn"]
[EventRounds "9"]
[EventCountry "GER"]
[SourceTitle "EXT 2015"]
[Source "ChessBase"]
[SourceDate "2014.11.20"]
[SourceVersion "1"]
[SourceVersionDate "2014.11.20"]
[SourceQuality "1"]
[WhiteTeam "Bayern Muenchen II"]
[BlackTeam "Kareth Lappersdorf"]
[WhiteTeamCountry "GER"]
[BlackTeamCountry "GER"]

1. d4 Nf6 2. c4 e5 3. dxe5 Ng4 4. Bf4 g5 5. Bg3 Bg7 6. Nf3 Nc6 7. Nc3 Ngxe5 8. Nxe5 Nxe5 9. e3 d6 10. h4 g4 11. h5 0-0 12. h6 Bh8 13. Bh4 Qd7 14. Nd5 f6 15. Be2 Ng6 16. Bg3 f5 17. Qd2 Qf7 18. Rd1 Be5 19. Nf4 1/2-1/2

[Event "Landesliga Nord 1213"]
[Site "Bayern"]
[Date "2013.02.03"]
[Round "6.2"]
[White "Speckner, Roland"]
[Black "Kraft, Volker"]
[Result "1/2-1/2"]
[WhiteElo "2342"]
[BlackElo "2362"]
[PlyCount "22"]
[EventDate "2012.10.14"]
[EventType "team-tourn"]
[EventRounds "9"]
[EventCountry "GER"]
[SourceTitle "EXT 2015"]
[Source "ChessBase"]
[SourceDate "2014.11.20"]
[SourceVersion "1"]
[SourceVersionDate "2014.11.20"]
[SourceQuality "1"]
[WhiteTeam "Kareth Lappersdorf"]
[BlackTeam "Zirndorf"]
[WhiteTeamCountry "GER"]
[BlackTeamCountry "GER"]

1. g3 g6 2. Bg2 Bg7 3. Nf3 Nf6 4. 0-0 0-0 5. d3 c5 6. e4 d5 7. Nbd2 Nc6 8. Re1 dxe4 9. dxe4 h6 10. Qe2 Qc7 11. Nc4 e5 1/2-1/2

[Event "Landesliga Nord 1213"]
[Site "Bayern"]
[Date "2012.11.25"]
[Round "3.2"]
[White "Giessmann, Stephan"]
[Black "Speckner, Roland"]
[Result "0-1"]
[WhiteElo "2172"]
[BlackElo "2342"]
[PlyCount "90"]
[EventDate "2012.10.14"]
[EventType "team-tourn"]
[EventRounds "9"]
[EventCountry "GER"]
[SourceTitle "EXT 2015"]
[Source "ChessBase"]
[SourceDate "2014.11.20"]
[SourceVersion "1"]
[SourceVersionDate "2014.11.20"]
[SourceQuality "1"]
[WhiteTeam "Kelheim"]
[BlackTeam "Kareth Lappersdorf"]
[WhiteTeamCountry "GER"]
[BlackTeamCountry "GER"]

1. d4 d6 2. Nf3 Nf6 3. Bg5 Nbd7 4. Nbd2 h6 5. Bh4 g5 6. Bg3 Nh5 7. e3 Bg7 8. c3 e6 9. Bd3 Qe7 10. Qe2 a6 11. a4 f5 12. a5 0-0 13. Nc4 Qf7 14. Nfd2 d5 15. Ne5 Nxg3 16. hxg3 Nxe5 17. dxe5 Bxe5 18. Rxh6 Bg7 19. Rh2 e5 20. Qh5 Qxh5 21. Rxh5 Bf6 22. Nb3 b6 23. axb6 cxb6 24. f4 e4 25. Be2 Be6 26. fxg5 Be5 27. Kf2 a5 28. Nd4 Bxd4 29. exd4 f4 30. Rah1 fxg3+ 31. Kxg3 Bf5 32. Bb5 Bg6 33. Rh6 Kg7 34. Bc6 Rad8 35. R6h4 Rd6 36. Bb5 Rf5 37. Rg4 Rd8 38. Rf1 Rdf8 39. Rxf5 Rxf5 40. Bc6 e3 41. Bb5 Rf2 42. b3 Rb2 43. Rf4 Rxb3 44. Bc6 e2 45. Kf2 Bd3 0-1

[Event "Regionalliga NO 1112"]
[Site "Bayern"]
[Date "2012.02.26"]
[Round "7.2"]
[White "Walter, Florian"]
[Black "Speckner, Roland"]
[Result "1/2-1/2"]
[WhiteElo "2083"]
[BlackElo "2306"]
[PlyCount "71"]
[EventDate "2011.10.02"]
[EventType "team-tourn"]
[EventRounds "9"]
[EventCountry "GER"]
[SourceTitle "EXT 2015"]
[Source "ChessBase"]
[SourceDate "2014.11.20"]
[SourceVersion "1"]
[SourceVersionDate "2014.11.20"]
[SourceQuality "1"]
[WhiteTeam "Lauf"]
[BlackTeam "Kareth Lappersdorf"]
[WhiteTeamCountry "GER"]
[BlackTeamCountry "GER"]

1. c4 b6 2. Nf3 Bb7 3. g3 Nf6 4. Bg2 c5 5. Nc3 e6 6. 0-0 Be7 7. d3 0-0 8. b3 d6 9. Bb2 a6 10. a3 Nbd7 11. e4 Qc7 12. Qe2 Rfe8 13. Rae1 Bf8 14. h3 Rad8 15. Nh4 Ne5 16. f4 Nc6 17. Qf2 Nd7 18. Nd1 Nd4 19. b4 Nc6 20. Bc3 b5 21. Ne3 Qb6 22. Nf3 Nd4 23. Ng4 Nxf3+ 24. Bxf3 bxc4 25. dxc4 f5 26. bxc5 Nxc5 27. Rb1 Qa7 28. Rxb7 Qxb7 29. exf5 Ne4 30. Qd4 d5 31. Nh6+ Kh8 32. Bxe4 dxe4 33. Qe5 exf5 34. Qxf5 Rc8 35. Nf7+ Kg8 36. Ne5 1/2-1/2